Fr. Conceicao Rodrigues College of Engineering

Design of CMOS Radio frequency Integrated circuits (Record no. 22474)

MARC details
000 -LEADER
fixed length control field 00359nam a2200157Ia 4500
082 ## - DEWEY DECIMAL CLASSIFICATION NUMBER
Classification number 621.384
Item number LEE
100 ## - MAIN ENTRY--PERSONAL NAME
Personal name Lee/Thomas H
245 ## - TITLE STATEMENT
Title Design of CMOS Radio frequency Integrated circuits
260 ## - PUBLICATION, DISTRIBUTION, ETC.
Name of publisher, distributor, etc. Cambridge University Press
Date of publication, distribution, etc. 1998
366 ## - TRADE AVAILABILITY INFORMATION
Publishers's discount category 25
300 ## - PHYSICAL DESCRIPTION
Extent 797
546 ## - LANGUAGE NOTE
Language note ENGLISH
-- TTL
650 ## - SUBJECT ADDED ENTRY--TOPICAL TERM
Topical term or geographic name entry element CMOS
654 ## - SUBJECT ADDED ENTRY--FACETED TOPICAL TERMS
Focus term CMOS
942 ## - ADDED ENTRY ELEMENTS (KOHA)
Koha item type BOOK
Holdings
Withdrawn status Lost status Damaged status Not for loan Collection Home library Current library Date acquired Source of acquisition Cost, normal purchase price Inventory number Total Checkouts Full call number Barcode Date last seen Cost, replacement price Price effective from Koha item type
        CRC Fr. Agnel's C.Rodrigues College of Engineering Fr. Agnel's C.Rodrigues College of Engineering 17/03/2023 Dharma Enterprises 371.25 524 dt 29/04/2010   621.384 LEE 20514 17/03/2023 495.00   BOOK